La colmena
I tiakina i:
| Kaituhi matua: | |
|---|---|
| Hōputu: | Pukapuka |
| Reo: | Pāniora |
| I whakaputaina: |
Barcelona
Noguer
1982
|
| Ngā marau: | |
| Ngā Tūtohu: |
Tāpirihia he Tūtohu
Kāore He Tūtohu, Me noho koe te mea tuatahi ki te tūtohu i tēnei pūkete!
|
MARC
| LEADER | 00000nam a2200000 a 4500 | ||
|---|---|---|---|
| 001 | UCX1025 | ||
| 003 | CL-VaPUC | ||
| 008 | 900516e19820000SP |||||||||||||||||spa|d | ||
| 082 | 0 | 4 | |a 863 |b CEL |2 21 |
| 100 | 0 | |a Cela, Camilo José |e author |9 316429 | |
| 245 | 1 | 3 | |a La colmena |
| 300 | |a 326 p | ||
| 942 | |c BK | ||
| 945 | |d 19900516 00:00:00 | ||
| 260 | |a Barcelona |b Noguer |c 1982 | ||
| 650 | 0 | |a Novelas españolas |9 265052 | |
| 583 | |a last modification |c 20120618 12:08:39 |k Rodrigo Vera | ||
| 999 | |c 222377 |d 222375 | ||
| 952 | |0 0 |1 0 |4 0 |6 863_000000000000000_CEL_1982 |7 0 |8 A |9 217020 |a BIBEDU |b BIBEDU |d 2019-11-15 |i 2859548 |o 863 CEL 1982 |p 2859548 |r 2019-11-15 |w 2019-11-15 |y BK |k LIT | ||